[Event "CZE-chT U18 Extraliga final-B 1617"]
[Site "Czech Republic"]
[Date "2017.04.23"]
[Round "11.1"]
[White "Marko, Daniel"]
[Black "Liska, Jiri2"]
[Result "0-1"]
[WhiteElo "1949"]
[BlackElo "2117"]
[PlyCount "111"]
[EventDate "2016.10.01"]
[EventType "team-tourn"]
[EventRounds "11"]
[EventCountry "CZE"]
[SourceTitle "EXT 2022"]
[Source "ChessBase"]
[SourceDate "2021.10.06"]
[SourceVersion "1"]
[SourceVersionDate "2021.10.06"]
[SourceQuality "1"]
[WhiteTeam "Brno Lokomotiva U18"]
[BlackTeam "Liberec Desko U18"]
[WhiteTeamCountry "CZE"]
[BlackTeamCountry "CZE"]

1. d4 Nf6 2. c4 g6 3. Nf3 Bg7 4. g3 0-0 5. Bg2 d5 6. 0-0 dxc4 7. Na3 c3 8. bxc3 c5 9. Ne5 Nbd7 10. Nac4 Nxe5 11. Nxe5 Nd5 12. Qd3 Be6 13. Rb1 Rb8 14. Bd2 Nb6 15. Bf4 Qc8 16. d5 Bh3 17. Nc4 Bxg2 18. Kxg2 Ra8 19. Rxb6 axb6 20. Nxb6 c4 21. Qd2 Qc5 22. Nxa8 Rxa8 23. Rb1 b5 24. e4 Qa3 25. e5 g5 26. Bxg5 Bxe5 27. Rxb5 f6 28. Bf4 Qxc3 29. Qe2 Bxf4 30. gxf4 Qd3 31. Qxe7 Qg6+ 32. Kf1 Re8 33. Qc7 Qd3+ 34. Kg2 Qe4+ 35. Kg1 Qe1+ 36. Kg2 Qe4+ 37. Kg1 Re7 38. Qc8+ Re8 39. Qc7 Qg6+ 40. Kf1 Qd3+ 41. Kg2 Kh8 42. Rb8 Qxd5+ 43. Kh3 Qf3+ 44. Kh4 Qxf2+ 45. Kh3 Qf1+ 46. Kh4 Qe1+ 47. Kh3 Qe6+ 48. Kh4 Rxb8 49. Qxb8+ Kg7 50. Qc7+ Kg6 51. Qc5 Qe1+ 52. Kg4 Qe2+ 53. Kh3 Qd3+ 54. Kh4 Qe4 55. Kg3 h5 56. h3 0-1

[Event "CZE-chT U18 Extraliga final-B 1617"]
[Site "Czech Republic"]
[Date "2017.04.21"]
[Round "8.1"]
[White "Slovak, Kilian"]
[Black "Marko, Daniel"]
[Result "1/2-1/2"]
[WhiteElo "2043"]
[BlackElo "1949"]
[PlyCount "33"]
[EventDate "2016.10.01"]
[EventType "team-tourn"]
[EventRounds "11"]
[EventCountry "CZE"]
[SourceTitle "EXT 2022"]
[Source "ChessBase"]
[SourceDate "2021.10.06"]
[SourceVersion "1"]
[SourceVersionDate "2021.10.06"]
[SourceQuality "1"]
[WhiteTeam "Praha Kobylisy U18"]
[BlackTeam "Brno Lokomotiva U18"]
[WhiteTeamCountry "CZE"]
[BlackTeamCountry "CZE"]

1. e4 c5 2. Nf3 d6 3. Bb5+ Bd7 4. Bxd7+ Qxd7 5. c4 Nc6 6. Nc3 g6 7. d4 cxd4 8. Nxd4 Bg7 9. Be3 Nf6 10. f3 0-0 11. 0-0 a6 12. Kh1 Rac8 13. b3 b5 14. Nd5 Qb7 15. cxb5 axb5 16. Nxc6 Rxc6 17. Nxf6+ 1/2-1/2

[Event "CZE-chT2E 1617"]
[Site "Czech Republic"]
[Date "2017.04.02"]
[Round "11.6"]
[White "Marko, Daniel"]
[Black "Benes, Miroslav"]
[Result "1/2-1/2"]
[WhiteElo "1957"]
[BlackElo "2039"]
[PlyCount "95"]
[EventDate "2016.09.10"]
[EventType "team-tourn"]
[EventRounds "11"]
[EventCountry "CZE"]
[SourceTitle "EXT 2022"]
[Source "ChessBase"]
[SourceDate "2021.10.06"]
[SourceVersion "1"]
[SourceVersionDate "2021.10.06"]
[SourceQuality "1"]
[WhiteTeam "Brno Lokomotiva II"]
[BlackTeam "Kromeriz Slavia II"]
[WhiteTeamCountry "CZE"]
[BlackTeamCountry "CZE"]

1. e4 c5 2. Nf3 g6 3. c3 Bg7 4. d4 cxd4 5. cxd4 d5 6. exd5 Nf6 7. Bb5+ Nbd7 8. d6 exd6 9. Qe2+ Qe7 10. Bf4 Qxe2+ 11. Bxe2 Ne4 12. Nc3 Ndf6 13. Nb5 0-0 14. 0-0 Rd8 15. Rac1 Nd5 16. Bg3 Nxg3 17. hxg3 Bh6 18. Rc4 Be6 19. b3 a6 20. Nc7 Nxc7 21. Rxc7 b5 22. d5 Bxd5 23. Rd1 Be4 24. Nd2 Bf5 25. Bf3 Rac8 26. Rxc8 Rxc8 27. Ne4 Rc2 28. Nxd6 Be6 29. a4 bxa4 30. bxa4 Bf8 31. Nb7 Kg7 32. Rd4 Rc1+ 33. Kh2 Rc4 34. Rxc4 Bxc4 35. Na5 Bd3 36. Bd5 Bb4 37. Nc4 a5 38. Nb2 Bc2 39. Bc6 Kf6 40. Nc4 Bb3 41. Nb2 Ke7 42. Kg1 Kd6 43. Bb5 Bc3 44. Nd3 Kd5 45. Nf4+ Kc5 46. Nd3+ Kd4 47. Nc1 Bc4 48. Ne2+ 1/2-1/2

[Event "CZE-chT2E 1617"]
[Site "Czech Republic"]
[Date "2016.11.27"]
[Round "4.8"]
[White "Horak, Bronislav"]
[Black "Marko, Daniel"]
[Result "0-1"]
[WhiteElo "1963"]
[BlackElo "1957"]
[PlyCount "77"]
[EventDate "2016.09.10"]
[EventType "team-tourn"]
[EventRounds "11"]
[EventCountry "CZE"]
[SourceTitle "EXT 2022"]
[Source "ChessBase"]
[SourceDate "2021.10.06"]
[SourceVersion "1"]
[SourceVersionDate "2021.10.06"]
[SourceQuality "1"]
[WhiteTeam "Kurim"]
[BlackTeam "Brno Lokomotiva II"]
[WhiteTeamCountry "CZE"]
[BlackTeamCountry "CZE"]

1. e4 c5 2. Nc3 d6 3. f4 g6 4. Nf3 Nc6 5. Bc4 e6 6. 0-0 Nge7 7. d3 Bg7 8. Qe1 0-0 9. a4 Nd4 10. Nxd4 cxd4 11. Nd1 d5 12. Bb3 dxe4 13. Qxe4 Bd7 14. Qxb7 Nc6 15. Bd2 a6 16. Bc4 Rb8 17. Qxa6 Qe7 18. Ba2 Rfc8 19. Bb1 Bf6 20. Qc4 Nb4 21. Bxb4 Rxb4 22. Qa6 Rcb8 23. Rf2 Qc5 24. Ba2 Rxa4 25. Qc4 Rxc4 26. Bxc4 Bh4 27. Re2 Bc6 28. Re5 Qb4 29. Re2 Ra8 30. Rb1 Bb5 31. Bxb5 Qxb5 32. g3 Bf6 33. Nf2 e5 34. fxe5 Bxe5 35. Ne4 Ra2 36. b3 Qc6 37. Rc1 Bg7 38. Rf2 Bh6 39. Rcf1 0-1

[Event "CZE-chT U18 Extraliga final-B 1516"]
[Site "Czech Republic"]
[Date "2016.04.24"]
[Round "11.1"]
[White "Liska, Jiri2"]
[Black "Marko, Daniel"]
[Result "0-1"]
[WhiteElo "2122"]
[BlackElo "1909"]
[PlyCount "88"]
[EventDate "2015.10.03"]
[EventType "team-tourn"]
[EventRounds "11"]
[EventCountry "CZE"]
[SourceTitle "EXT 2022"]
[Source "ChessBase"]
[SourceDate "2021.10.06"]
[SourceVersion "1"]
[SourceVersionDate "2021.10.06"]
[SourceQuality "1"]
[WhiteTeam "Liberec Desko U18"]
[BlackTeam "Brno Lokomotiva U18"]
[WhiteTeamCountry "CZE"]
[BlackTeamCountry "CZE"]

1. Nf3 Nf6 2. c4 c5 3. Nc3 g6 4. d4 Bg7 5. g3 0-0 6. Bg2 Nc6 7. 0-0 d6 8. dxc5 dxc5 9. Be3 Qa5 10. Qa4 Be6 11. Nd2 Qb6 12. Qb5 Nd7 13. Na4 Qxb5 14. cxb5 Na5 15. Nxc5 Nxc5 16. Bxc5 Bxb2 17. Rab1 Bg7 18. Bb4 Nc4 19. Nxc4 Bxc4 20. a4 Rab8 21. Rbc1 Bxe2 22. Rfe1 Bg4 23. h3 Be6 24. Rc7 Bf6 25. Bxb7 Rfd8 26. Bxe7 Bxe7 27. Rxe7 Rd4 28. a5 Kf8 29. Rc7 Rd7 30. Rec1 Rxb7 31. R7c5 Bxh3 32. a6 Rb6 33. Rc7 Rxc7 34. Rxc7 Rxb5 35. Rxa7 Ra5 36. Ra8+ Ke7 37. a7 h5 38. f3 Ra2 39. g4 hxg4 40. Rh8 Rxa7 41. Rh4 Ra4 42. Kh1 Kf6 43. Rh8 Kg5 44. Kh2 Ra2+ 0-1

[Event "CZE-chT U18 Extraliga Ost 1516"]
[Site "Czech Republic"]
[Date "2015.10.04"]
[Round "4.1"]
[White "Lojek, Marek"]
[Black "Marko, Daniel"]
[Result "1/2-1/2"]
[WhiteElo "1965"]
[BlackElo "1909"]
[PlyCount "55"]
[EventDate "2015.10.03"]
[EventType "team-tourn"]
[EventRounds "11"]
[EventCountry "CZE"]
[SourceTitle "EXT 2022"]
[Source "ChessBase"]
[SourceDate "2021.10.06"]
[SourceVersion "1"]
[SourceVersionDate "2021.10.06"]
[SourceQuality "1"]
[WhiteTeam "Orlova Slavia U18"]
[BlackTeam "Brno Lokomotiva U18"]
[WhiteTeamCountry "CZE"]
[BlackTeamCountry "CZE"]

1. e4 c5 2. Nf3 d6 3. d4 cxd4 4. Nxd4 Nf6 5. Nc3 a6 6. a4 e6 7. Be2 Be7 8. Be3 0-0 9. 0-0 Qc7 10. Nb3 Nbd7 11. f4 b6 12. Bf3 Bb7 13. g4 Nc5 14. Nxc5 dxc5 15. g5 Nd7 16. Bg2 c4 17. Kh1 Bc5 18. Bxc5 Nxc5 19. Qh5 f5 20. exf5 Rxf5 21. Qg4 Raf8 22. Bxb7 Rxf4 23. Rxf4 Rxf4 24. Nd5 Rxg4 25. Nxc7 Nxb7 26. Nxe6 Kf7 27. Nc7 Nc5 28. Nd5 1/2-1/2